000 00303nam a22001337a 4500
008 170823b xxu||||| |||| 00| 0 eng d
020 _a0867200936
041 _aeng
080 _24TH
_a51
100 _a38
101 _aMAT
245 _aCALCULUS WITH ANALYTIC GEOMETRY
_cPROTTER,M.H
942 _2udc
_cBK
999 _c24614
_d24614